| 000 | 00588nam a22002057a 4500 | ||
|---|---|---|---|
| 999 |
_c12967 _d12967 |
||
| 003 | AR-CdUCM | ||
| 008 | 190410b ||||| |||| 00| 0 spa d | ||
| 040 |
_aMUNICIPALIDAD PROVINCIAL DEL CUSCO _cBIBLIOTECA MUNICIPAL DEL CUSCO |
||
| 082 |
_a828.77 / _bS42 |
||
| 100 |
_aScott, Walter _911249 |
||
| 245 | _aIvanhoe / | ||
| 260 |
_aMéxico : _bEdit.Nacional, _c1968. |
||
| 300 |
_a367 paginas ; _c23 cm. |
||
| 505 | _aContenido :Novela / | ||
| 650 |
_aLiteratura inglesa _91015 |
||
| 650 |
_aNovela _95 |
||
| 650 |
_aSiglo XIX _9971 |
||
| 942 |
_2ddc _cLIBROS |
||
| 945 |
_arjall _d2019-04-10 |
||